Little penguin and friends / (Record no. 27061)
| 000 -LEADER | |
|---|---|
| fixed length control field | 00352nam a2200121Ia 4500 |
| 008 - FIXED-LENGTH DATA ELEMENTS--GENERAL INFORMATION | |
| fixed length control field | 120921s9999 xx 000 0 und d |
| 100 ## - MAIN ENTRY--PERSONAL NAME | |
| Personal name | Jewitt, Kath. |
| 9 (RLIN) | 61445 |
| 245 ## - TITLE STATEMENT | |
| Title | Little penguin and friends / |
| Statement of responsibility, etc | Kath Jewitt. |
| 260 ## - PUBLICATION, DISTRIBUTION, ETC. (IMPRINT) | |
| Place of publication, distribution, etc | Bath : |
| Name of publisher, distributor, etc | Parragon, |
| Date of publication, distribution, etc | 2007. |
| 300 ## - PHYSICAL DESCRIPTION | |
| Extent | 1 volume (unpaged). |
| 650 ## - SUBJECT ADDED ENTRY--TOPICAL TERM | |
| Topical term or geographic name as entry element | Penguins |
| Form subdivision | Juvenile fiction. |
| 9 (RLIN) | 52987 |
| 942 ## - ADDED ENTRY ELEMENTS (KOHA) | |
| Source of classification or shelving scheme | |
| Withdrawn status | Lost status | Source of classification or shelving scheme | Damaged status | Not for loan | Collection code | Home library | Current library | Shelving location | Date acquired | Total Checkouts | Total Renewals | Full call number | Barcode | Date last seen | Date checked out | Price effective from | Koha item type |
|---|---|---|---|---|---|---|---|---|---|---|---|---|---|---|---|---|---|
| Primary | Asian Hope Early Years Library | Asian Hope Early Years Library | Board Books | 06/05/2013 | 48 | 4 | BB E JEW | 211530 | 10/23/2025 | 10/06/2025 | 06/05/2013 | Board Book |